Statistics for All UFC Welterweight Champions

Click here to take the quiz!

General Stats

  • This quiz has been taken 123 times
    (84 since last reset)
  • The average score is 10 of 16

Answer Stats

Title ReignSuccessful DefensesChampion% Correct
2019-20225Kamaru Usman
91%
2008-20139Georges St-Pierre
90%
2007-2008
(Interim)
-Georges St-Pierre
90%
2006-20070Georges St-Pierre
90%
2022-Present2Leon Edwards
79%
2016-20194Tyron Woodley
78%
2004-20062Matt Hughes
72%
2001-20045Matt Hughes
72%
2018
(Interim)
-Colby Covington
64%
2007-20080Matt Serra
64%
2014-20162Robbie Lawler
53%
20040B.J. Penn
50%
20140Johny Hendricks
44%
2012
(Interim)
-Carlos Condit
37%
20010Carlos Newton
35%
1998-20014Pat Miletich
18%

Score Distribution

Percentile by Number Answered

Percent of People with Each Score

Your Score History

You have not taken this quiz since the last reset